Deployment Guide Series : IBM Tivoli Provisioning Manager Express V4.1 for Software Distribution /

IBM Tivoli Provisioning Manager Express Version 4.1 for Software Distribution is an easy-to-use, comprehensive solution for software distribution, patch, inventory, and asset management. This Web-based solution is designed for ease of use and implementation so that you can quickly begin to manage th...

Full description

Bibliographic Details
Main Authors: Gucer, Vasfi (Author), Brown, Timothy (Author), Irfan, Syed (Author), Iqbal, Mickey (Author), Everett, Jerry (Author), Miller, Dudley (Author)
Corporate Author: Safari, an O'Reilly Media Company
Format: eBook
Language:English
Published: IBM Redbooks, 2006.
Subjects:
Online Access:Connect to this electronic resource

MARC

Tag First Indicator Second Indicator Subfields
LEADER 00000cam a2200000 a 4500
001 in00004100245
005 20260128152206.5
006 m o d
007 cr cn
008 160813s2006 xx o eng
020 |z 0738497061 
020 |z 9780738497068 
035 |a (CaSebORM)0738497061 
040 |d UtOrBLW 
041 0 |a eng 
100 1 |a Gucer, Vasfi,  |e author.  |0 http://id.loc.gov/authorities/names/n2002015332 
245 1 0 |a Deployment Guide Series :  |b IBM Tivoli Provisioning Manager Express V4.1 for Software Distribution /  |c Gucer, Vasfi. 
264 1 |b IBM Redbooks,  |c 2006. 
300 |a 1 online resource (276 pages) 
336 |a text  |b txt  |2 rdacontent 
337 |a computer  |b c  |2 rdamedia 
338 |a online resource  |b cr  |2 rdacarrier 
347 |a text file 
520 |a IBM Tivoli Provisioning Manager Express Version 4.1 for Software Distribution is an easy-to-use, comprehensive solution for software distribution, patch, inventory, and asset management. This Web-based solution is designed for ease of use and implementation so that you can quickly begin to manage the PCs in your enterprise. IBM Tivoli Provisioning Manager Express V4.1 for Software Distribution is implemented with both a client agent on the managed PCs and a centralized data repository. The product is specifically targeted for the small-to-medium business (SMB) market. This IBM Redbooks publication presents a deployment guide for IBM Tivoli Provisioning Manager Express V4.1 for Software Distribution. We discuss the planning, installation, configuration, usage and troubleshooting of the operation. In addition, we provide a case study using a fictitious company, called XYZ Corporation. The target audience for this book is IT specialists working on IBM Tivoli Provisioning Manager Express V4.1 Software Distribution installations and proof of concepts. 
533 |a Electronic reproduction.  |b Boston, MA :  |c Safari,  |n Available via World Wide Web.  |d 2006. 
538 |a Mode of access: World Wide Web. 
542 |g 2006 
588 |a Online resource; Title from title page (viewed May 26, 2006) 
500 |a Electronic resource. 
655 7 |a Electronic books.  |2 local 
700 1 |a Brown, Timothy,  |e author.  |0 http://id.loc.gov/authorities/names/n91051131 
700 1 |a Irfan, Syed,  |e author. 
700 1 |a Iqbal, Mickey,  |e author. 
700 1 |a Everett, Jerry,  |e author. 
700 1 |a Miller, Dudley,  |e author.  |0 http://id.loc.gov/authorities/names/nr2004022613 
710 2 |a Safari, an O'Reilly Media Company. 
856 4 0 |u https://proxy.library.tamu.edu/login?url=https://go.oreilly.com/TAMU/library/view/-/0738497061/?ar  |z Connect to this electronic resource  |t 0 
999 f f |s 2dd710af-8975-3bc7-8962-c75027a4da4b  |i 89fffcf0-3bb5-3abb-b5ae-0b814c00c954  |t 0 
952 f f |a Texas A&M University  |b College Station  |c Electronic Resources  |s www_evans  |d Available Online  |t 0  |h No information provided 
998 f f |t 0  |l Available Online